000 00734nam a2200205Ii 4500
003 JO-AjNU
008 230605s9999||||xx |||||||||||||| ||und||
040 _aJO-AjNU
_bara
_erda
_cJO-AjNU
041 _aara
050 1 4 _aBP173.755.Q3 1997
100 3 _aالقرضاوي، يوسف,
_eauthor
_915739
245 0 0 _aمشكلة الفقر وكيف عالجها الإسلام
250 _aط11
264 3 1 _aبيروت: مؤسسة الرسالة للطباعة والنشر والتوزيع، 1997
300 _a159ص
336 _atext
_btxt
_2rdacontent
337 _aunmediated
_bn
_2rdamedia
338 _avolume
_bnc
_2rdacarrier
650 4 _aالاسلام والفقر- الاسلام والاصلاح الاقتصادي
_915740
999 _aA4515
_c8083
_d8083